[Event "Ivy League Chess Challenge"]
[Site "Toronto CAN"]
[Date "2019.11.10"]
[Round "5.10"]
[White "Yi, Richard"]
[Black "Plotkin, Mark"]
[Result "0-1"]
[WhiteElo "2083"]
[BlackElo "2378"]
[PlyCount "74"]
[EventDate "2019.11.08"]
[EventType "team"]
[EventRounds "5"]
[EventCountry "CAN"]
[WhiteTeam "MIT"]
[BlackTeam "Toronto A"]

1. e4 e5 2. Nf3 Nc6 3. Bc4 Nf6 4. d3 Be7 5. c3 O-O 6. O-O Kh8 7. Re1 d6 8. Nbd2
Ng8 9. Nf1 f5 10. exf5 Bxf5 11. h3 Qd7 12. Ng3 Bg6 13. Bb5 a6 14. Ba4 b5 15.
Bb3 Bf6 16. d4 Rae8 17. Be3 e4 18. Nh2 Na5 19. Bc2 Nc4 20. Bc1 Bh4 21. Nhf1 Qf7
22. Qe2 Nf6 23. a4 Nh5 24. Be3 Nf4 25. Bxf4 Qxf4 26. b3 e3 27. fxe3 Nxe3 28.
Nxe3 Qxg3 29. Rf1 Rf6 30. Bxg6 hxg6 31. Rxf6 gxf6 32. axb5 Rxe3 33. Qd2 axb5
34. Rf1 Bg5 35. Qa2 Bf4 36. Qa8+ Kg7 37. Qc8 Re2 0-1

[Event "Ivy League Chess Challenge"]
[Site "Toronto CAN"]
[Date "2019.11.10"]
[Round "5.11"]
[White "Zhou, Qiyu"]
[Black "Zhong, Howard"]
[Result "1/2-1/2"]
[WhiteElo "2212"]
[BlackElo "2024"]
[PlyCount "89"]
[EventDate "2019.11.08"]
[EventType "team"]
[EventRounds "5"]
[EventCountry "CAN"]
[WhiteTeam "Toronto A"]
[BlackTeam "MIT"]

1. e4 e5 2. Nf3 Nc6 3. Bb5 a6 4. Ba4 Nf6 5. O-O Be7 6. Re1 b5 7. Bb3 d6 8. c3
O-O 9. h3 Na5 10. Bc2 c5 11. d4 Nd7 12. d5 Nb6 13. b3 Bd7 14. Nbd2 c4 15. Nf1
Nb7 16. Ne3 cxb3 17. axb3 Qc7 18. Bd2 Rfc8 19. g4 a5 20. Kh2 Nc5 21. g5 a4 22.
b4 Nb3 23. Bxb3 axb3 24. Qxb3 Ra7 25. h4 Rca8 26. Rxa7 Qxa7 27. Kg3 Qa2 28.
Qxa2 Rxa2 29. Rc1 f6 30. gxf6 gxf6 31. c4 f5 32. exf5 bxc4 33. Nxc4 Nxd5 34.
Bg5 Bf8 35. Ne3 Nxe3 36. Bxe3 Rb2 37. f6 Rxb4 38. Rc7 Bf5 39. Ra7 Rg4+ 40. Kh2
h6 41. h5 Be6 42. Ra8 Kf7 43. Rd8 Bd5 44. Nxe5+ dxe5 45. Rxd5 1/2-1/2

[Event "Ivy League Chess Challenge"]
[Site "Toronto CAN"]
[Date "2019.11.10"]
[Round "5.12"]
[White "Le, Nguyen"]
[Black "Bellissimo, Joseph"]
[Result "0-1"]
[WhiteElo "1976"]
[BlackElo "2201"]
[PlyCount "62"]
[EventDate "2019.11.08"]
[EventType "team"]
[EventRounds "5"]
[EventCountry "CAN"]
[WhiteTeam "MIT"]
[BlackTeam "Toronto A"]

1. e4 e6 2. d4 d5 3. Nc3 Nf6 4. e5 Nfd7 5. f4 c5 6. Nf3 Nc6 7. Be3 a6 8. Qd2 b5
9. a3 Qb6 10. dxc5 Bxc5 11. Bf2 f6 12. exf6 Nxf6 13. Bxc5 Qxc5 14. b4 Qb6 15.
Bd3 O-O 16. h3 Bb7 17. Ne2 Rae8 18. O-O-O a5 19. Ned4 axb4 20. Nxc6 Bxc6 21.
axb4 Ra8 22. Kb2 Rfd8 23. Ne5 Ne4 24. Bxe4 dxe4 25. Qe2 Rxd1 26. Rxd1 Bd5 27.
Ra1 Qd4+ 28. c3 Rxa1 29. Kxa1 Qxc3+ 30. Qb2 Qe1+ 31. Qb1 Qe3 0-1

[Event "Jack Taylor mem."]
[Site "Victoria CAN"]
[Date "2019.10.25"]
[Round "1.1"]
[White "Huang, Patrick"]
[Black "Leblanc, Paul"]
[Result "1-0"]
[WhiteElo "2256"]
[BlackElo "1679"]
[PlyCount "85"]
[EventDate "2019.10.25"]
[EventType "swiss"]
[EventRounds "5"]
[EventCountry "CAN"]

1. d4 d5 2. Bf4 Bf5 3. e3 e6 4. Nf3 Nf6 5. c4 c6 6. Nc3 Nbd7 7. Qb3 Qb6 8. c5
Qxb3 9. axb3 Be7 10. h3 h6 11. b4 a6 12. Be2 O-O 13. O-O Ne4 14. Ra2 Rac8 15.
Nxe4 Bxe4 16. Nd2 Bd8 17. Nxe4 dxe4 18. f3 exf3 19. Bxf3 Bc7 20. Bxc7 Rxc7 21.
e4 Nf6 22. e5 Ne8 23. Kf2 Rd7 24. b5 axb5 25. Ra7 Rc7 26. Ke3 f5 27. Kd3 g5 28.
Rc1 Rg7 29. g3 g4 30. hxg4 fxg4 31. Be4 Rgf7 32. Rh1 Kg7 33. Rh4 Rc7 34. Rxg4+
Kh8 35. Rg6 Ng7 36. Rxh6+ Kg8 37. Kc3 Rd8 38. Bh7+ Kf8 39. Rf6+ Ke7 40. Bg6 Rf8
41. Rxf8 Kxf8 42. Ra8+ Ke7 43. g4 1-0

[Event "Jack Taylor mem."]
[Site "Victoria CAN"]
[Date "2019.10.25"]
[Round "1.2"]
[White "Reiffer, Randy"]
[Black "Ledezma Panades, Hernan Javier"]
[Result "0-1"]
[WhiteElo "1678"]
[BlackElo "1876"]
[PlyCount "66"]
[EventDate "2019.10.25"]
[EventType "swiss"]
[EventRounds "5"]
[EventCountry "CAN"]

1. e4 e5 2. Nf3 Nc6 3. Bc4 Nf6 4. d3 Be7 5. c3 O-O 6. O-O d6 7. h3 Na5 8. Bb3
Nxb3 9. Qxb3 h6 10. Be3 Re8 11. Nbd2 c5 12. d4 Qc7 13. dxc5 dxc5 14. Rad1 Be6
15. Qc2 c4 16. b4 cxb3 17. axb3 Rec8 18. c4 b5 19. Rc1 Nd7 20. Qb2 b4 21. Ra1
a5 22. Ra4 f5 23. exf5 Bxf5 24. Qa2 Nc5 25. Bxc5 Bxc5 26. Qb2 e4 27. Nd4 Qe5
28. Qa2 Bxd4 29. Re1 Qg3 30. Nxe4 Bxe4 31. Rxe4 Re8 32. Rxe8+ Rxe8 33. Kf1 Qh2
0-1

[Event "Jack Taylor mem."]
[Site "Victoria CAN"]
[Date "2019.10.25"]
[Round "1.3"]
[White "Allorant, Adrien"]
[Black "Afshar, Amir"]
[Result "1-0"]
[WhiteElo "2026"]
[BlackElo "1647"]
[PlyCount "73"]
[EventDate "2019.10.25"]
[EventType "swiss"]
[EventRounds "5"]
[EventCountry "CAN"]

1. d4 Nf6 2. Bf4 g6 3. Nc3 Bg7 4. e4 d6 5. Qd2 O-O 6. O-O-O Nc6 7. Nf3 Bg4 8.
Qe3 Qc8 9. h3 Bxf3 10. gxf3 e5 11. dxe5 Nxe5 12. Bh6 Re8 13. Bxg7 Kxg7 14. f4
Nc6 15. h4 Qe6 16. f5 Qe5 17. h5 gxf5 18. Qg5+ Kh8 19. f4 Qe7 20. Qxf5 Nxe4 21.
Nxe4 Qxe4 22. Qf6+ Kg8 23. Bd3 Qe3+ 24. Kb1 Qe6 25. Rhg1+ Kf8 26. Qg7+ Ke7 27.
Rde1 Ne5 28. fxe5 Kd7 29. Qxh7 Rh8 30. Qf5 Rae8 31. Qxe6+ fxe6 32. exd6 Kxd6
33. b3 Re7 34. Rh1 Rh6 35. Reg1 e5 36. Rg6+ Rxg6 37. Bxg6 1-0

[Event "Jack Taylor mem."]
[Site "Victoria CAN"]
[Date "2019.10.25"]
[Round "1.4"]
[White "Cronin, Kent"]
[Black "James, Rowan"]
[Result "0-1"]
[WhiteElo "1640"]
[BlackElo "1957"]
[PlyCount "50"]
[EventDate "2019.10.25"]
[EventType "swiss"]
[EventRounds "5"]
[EventCountry "CAN"]

1. e4 e5 2. Nf3 Nc6 3. Bc4 Nf6 4. d3 Be7 5. Nc3 O-O 6. h3 d6 7. Be3 Na5 8. Bb3
Nxb3 9. axb3 c5 10. Nd2 d5 11. exd5 Nxd5 12. Nxd5 Qxd5 13. Qf3 Qxf3 14. Nxf3
Bd6 15. g4 b6 16. Nd2 f5 17. gxf5 Bxf5 18. h4 Rf7 19. b4 Rb8 20. Nc4 Rd8 21. b3
Be6 22. Nxd6 Rxd6 23. O-O-O Rc6 24. Kb2 a5 25. d4 exd4 0-1

[Event "Jack Taylor mem."]
[Site "Victoria CAN"]
[Date "2019.10.25"]
[Round "1.5"]
[White "Sauve, Ronald"]
[Black "Forman, Ken"]
[Result "1/2-1/2"]
[WhiteElo "1829"]
[BlackElo "1629"]
[PlyCount "99"]
[EventDate "2019.10.25"]
[EventType "swiss"]
[EventRounds "5"]
[EventCountry "CAN"]

1. d4 Nf6 2. c4 c5 3. d5 b5 4. cxb5 a6 5. b6 g6 6. Qb3 Bb7 7. Nc3 Bg7 8. e4 d6
9. a4 O-O 10. a5 Nbd7 11. Nf3 Qe8 12. Bc4 Ng4 13. Bf4 Nge5 14. Nxe5 Nxe5 15.
O-O Qd7 16. Bxe5 Bxe5 17. Qc2 Qg4 18. Qd3 Qh4 19. f4 Bd4+ 20. Kh1 Qg4 21. Ra3
Qd7 22. Rb3 Rfb8 23. Ra3 Kg7 24. Qe2 e5 25. f5 f6 26. Qg4 Qf7 27. Rf3 h5 28.
Qxg6+ Qxg6 29. fxg6 Kxg6 30. Rb3 Bc8 31. h3 f5 32. exf5+ Bxf5 33. Bd3 Bxd3 34.
Rxd3 Kh6 35. Ne4 c4 36. Nxd6 cxd3 37. Rxd3 Bxb6 38. axb6 Rxb6 39. Nc4 Rb4 40.
Nxe5 Re4 41. Nf7+ Kg6 42. Nd6 Re1+ 43. Kh2 Rd8 44. Nc4 Re4 45. b3 h4 46. Kg1
Rf8 47. g4 Re1+ 48. Kg2 Re2+ 49. Kg1 Re1+ 50. Kg2 1/2-1/2

[Event "Jack Taylor mem."]
[Site "Victoria CAN"]
[Date "2019.10.26"]
[Round "2.1"]
[White "Ledezma Panades, Hernan Javier"]
[Black "Huang, Patrick"]
[Result "0-1"]
[WhiteElo "1876"]
[BlackElo "2256"]
[PlyCount "118"]
[EventDate "2019.10.25"]
[EventType "swiss"]
[EventRounds "5"]
[EventCountry "CAN"]

1. e4 g6 2. d4 Bg7 3. Nc3 c6 4. Nf3 d6 5. h3 Nd7 6. Be3 e5 7. a4 Ngf6 8. dxe5
dxe5 9. Bc4 Qe7 10. Qd2 O-O 11. O-O Nc5 12. Bg5 Re8 13. Rfe1 Qf8 14. Rad1 h6
15. Bh4 g5 16. Bg3 Nh5 17. Bh2 Nf4 18. Bxf4 exf4 19. e5 Bf5 20. Nd4 Rad8 21.
Qc1 Bg6 22. Nf3 Ne6 23. Ne4 Bxe4 24. Rxe4 Nc5 25. Red4 Rxd4 26. Rxd4 Bxe5 27.
Nxe5 Rxe5 28. Qd1 Qe7 29. Rd8+ Kh7 30. Qd4 Re1+ 31. Kh2 Qe5 32. Qxe5 Rxe5 33.
Bxf7 Re2 34. b4 Nxa4 35. Rd7 Kh8 36. Bb3 Nc3 37. Rxb7 Rxf2 38. Kg1 Rd2 39. Rxa7
Ne2+ 40. Kf2 Nd4+ 41. Kf1 Nf5 42. Rc7 Ne3+ 43. Ke1 Rxg2 44. Re7 Nxc2+ 45. Bxc2
Rxc2 46. Rc7 Rh2 47. Rxc6 Rxh3 48. b5 Kg7 49. Kd2 Rb3 50. b6 g4 51. Rc4 Rxb6
52. Rxf4 h5 53. Ke3 Rf6 54. Ra4 g3 55. Ra7+ Kh6 56. Ra8 h4 57. Rh8+ Kg5 58.
Rg8+ Kh5 59. Ke2 Rg6 0-1

[Event "Jack Taylor mem."]
[Site "Victoria CAN"]
[Date "2019.10.26"]
[Round "2.2"]
[White "Patterson, Roger"]
[Black "Sardari, Reza"]
[Result "0-1"]
[WhiteElo "2150"]
[BlackElo "1799"]
[PlyCount "48"]
[EventDate "2019.10.25"]
[EventType "swiss"]
[EventRounds "5"]
[EventCountry "CAN"]

1. c4 d6 2. d4 f5 3. Nc3 Nf6 4. g3 g6 5. Bg2 Bg7 6. Nh3 O-O 7. O-O c6 8. f3 e5
9. d5 a5 10. Nf2 Na6 11. e4 h6 12. Be3 Nh5 13. exf5 gxf5 14. f4 exf4 15. gxf4
Qe8 16. Qf3 Qg6 17. Rae1 Nb4 18. Re2 Bd7 19. Kh1 Kh7 20. a3 cxd5 21. axb4 d4
22. Nd5 dxe3 23. Qxe3 Rae8 24. Qd2 Ng3+ 0-1

[Event "Jack Taylor mem."]
[Site "Victoria CAN"]
[Date "2019.10.26"]
[Round "2.3"]
[White "Tate, William"]
[Black "Allorant, Adrien"]
[Result "1/2-1/2"]
[WhiteElo "1696"]
[BlackElo "2026"]
[PlyCount "46"]
[EventDate "2019.10.25"]
[EventType "swiss"]
[EventRounds "5"]
[EventCountry "CAN"]

1. d4 Nf6 2. Nf3 e6 3. e3 Be7 4. Bd3 b6 5. Nbd2 Ba6 6. Qe2 Bxd3 7. Qxd3 c5 8.
O-O Nc6 9. a3 O-O 10. c3 d5 11. Re1 Qc7 12. e4 dxe4 13. Nxe4 cxd4 14. cxd4 h6
15. Be3 Rfd8 16. Nxf6+ Bxf6 17. Qe4 Ne7 18. Rac1 Qd7 19. Ne5 Qd5 20. Qxd5 Nxd5
21. Ng4 Rd7 22. Rc2 Rad8 23. g3 Kf8 1/2-1/2

[Event "Jack Taylor mem."]
[Site "Victoria CAN"]
[Date "2019.10.26"]
[Round "2.4"]
[White "James, Rowan"]
[Black "Richardson, Ross"]
[Result "1-0"]
[WhiteElo "1957"]
[BlackElo "1739"]
[PlyCount "47"]
[EventDate "2019.10.25"]
[EventType "swiss"]
[EventRounds "5"]
[EventCountry "CAN"]

1. e4 c5 2. Nf3 e6 3. d3 d5 4. Qe2 Nf6 5. g3 Be7 6. Bg2 O-O 7. O-O Nc6 8. Nbd2
Re8 9. b3 b5 10. c4 bxc4 11. bxc4 Rb8 12. Nb3 a5 13. e5 Nd7 14. cxd5 exd5 15.
e6 Bf6 16. exf7+ Kxf7 17. Ng5+ Bxg5 18. Qh5+ Kf8 19. Bxg5 Nf6 20. Bxf6 Qxf6 21.
Qxd5 Nb4 22. Qxc5+ Kg8 23. Qxa5 Nxd3 24. Qd5+ 1-0

[Event "Jack Taylor mem."]
[Site "Victoria CAN"]
[Date "2019.10.26"]
[Round "2.5"]
[White "Forman, Ken"]
[Black "Kaufman, Raymond"]
[Result "0-1"]
[WhiteElo "1629"]
[BlackElo "2370"]
[PlyCount "110"]
[EventDate "2019.10.25"]
[EventType "swiss"]
[EventRounds "5"]
[EventCountry "CAN"]

1. e4 c5 2. Nf3 d6 3. d4 cxd4 4. Nxd4 Nf6 5. Nc3 a6 6. Bc4 e6 7. Bb3 Nbd7 8.
O-O Nc5 9. Re1 b5 10. a3 Nxb3 11. Nxb3 Bb7 12. Bg5 Be7 13. f3 O-O 14. Qd2 Rc8
15. Rad1 Rc4 16. Bf4 Qb6+ 17. Be3 Qc7 18. Qf2 Nd7 19. Qg3 Rc8 20. Nd2 Rc6 21.
Bd4 Ne5 22. f4 Ng6 23. f5 Ne5 24. Nf3 Bf6 25. Ng5 h6 26. Nf3 Rc4 27. Bxe5 dxe5
28. fxe6 fxe6 29. Nd2 Qb6+ 30. Qf2 Qxf2+ 31. Kxf2 Rxc3 32. bxc3 Rxc3 33. Nb3
Rxc2+ 34. Rd2 Rc3 35. Rb2 Be7 36. Nd2 Bc5+ 37. Kf1 Rxa3 38. Rc2 Bb4 39. g3 Rd3
40. Ke2 Rd4 41. Kf3 Ba5 42. Re2 Rd3+ 43. Kf2 Bb6+ 44. Kf1 b4 45. Rb2 a5 46. Rb3
Rxb3 47. Nxb3 a4 48. Rb2 axb3 49. Rxb3 Bc5 50. Ke2 Bxe4 51. Rb2 Bd5 52. Rc2 Bd4
53. Rc8+ Kh7 54. Rb8 b3 55. Kd3 b2 0-1

[Event "Jack Taylor mem."]
[Site "Victoria CAN"]
[Date "2019.10.26"]
[Round "2.6"]
[White "Lehingrat, Callum"]
[Black "Luu, Tran Nguyen Khoi"]
[Result "1/2-1/2"]
[WhiteElo "2002"]
[BlackElo "1603"]
[PlyCount "78"]
[EventDate "2019.10.25"]
[EventType "swiss"]
[EventRounds "5"]
[EventCountry "CAN"]

1. d4 Nf6 2. Nf3 g6 3. g3 Bg7 4. Bg2 O-O 5. O-O d6 6. c4 c5 7. Nc3 Nc6 8. d5
Na5 9. Nd2 a6 10. Re1 Bd7 11. a4 b5 12. cxb5 axb5 13. axb5 Ng4 14. h3 Ne5 15.
Ra4 Be8 16. f4 Nd7 17. Nb3 Nxb3 18. Qxb3 Nb6 19. Ra6 Qc7 20. e4 Bd7 21. Be3 Ra7
22. Rea1 Rfa8 23. Kh2 Bc8 24. R6a3 Bd7 25. Rb1 Ra5 26. Rba1 R5a7 27. Rc1 Ra5
28. Bf1 h5 29. Rca1 R5a7 30. Nb1 Rxa3 31. Rxa3 Bd4 32. Rxa8+ Nxa8 33. Bxd4 cxd4
34. Qc4 Qb6 35. Bd3 e5 36. Na3 Qa5 37. Qc2 h4 38. Qe2 hxg3+ 39. Kxg3 exf4+
1/2-1/2

[Event "Jack Taylor mem."]
[Site "Victoria CAN"]
[Date "2019.10.26"]
[Round "2.9"]
[White "Su, Ethan"]
[Black "Sullivan, Brian"]
[Result "1-0"]
[WhiteElo "1895"]
[BlackElo "1544"]
[PlyCount "39"]
[EventDate "2019.10.25"]
[EventType "swiss"]
[EventRounds "5"]
[EventCountry "CAN"]

1. e4 c5 2. Nf3 d6 3. Bb5+ Bd7 4. Bxd7+ Nxd7 5. c4 Ngf6 6. Nc3 g6 7. d4 cxd4 8.
Nxd4 Bg7 9. Be3 O-O 10. O-O Ne5 11. b3 Neg4 12. Qd2 Nxe3 13. fxe3 Ng4 14. h3
Ne5 15. Rad1 Rc8 16. Nd5 b6 17. Nf3 Qd7 18. Nxe5 Bxe5 19. Nf4 Qc7 20. Rf2 {
scoresheet unclear.} 1-0

[Event "Jack Taylor mem."]
[Site "Victoria CAN"]
[Date "2019.10.26"]
[Round "3.1"]
[White "Huang, Patrick"]
[Black "James, Rowan"]
[Result "1-0"]
[WhiteElo "2256"]
[BlackElo "1957"]
[PlyCount "51"]
[EventDate "2019.10.25"]
[EventType "swiss"]
[EventRounds "5"]
[EventCountry "CAN"]

1. d4 d5 2. Bf4 c5 3. e3 Nf6 4. c3 Nc6 5. Nd2 e6 6. Ngf3 Be7 7. Ne5 O-O 8. Bd3
Nd7 9. h4 f5 10. g4 Ndxe5 11. dxe5 Bxh4 12. gxf5 exf5 13. Qh5 g5 14. Nf3 Qe8
15. Qh6 Qg6 16. Qxg6+ hxg6 17. Nxh4 gxh4 18. Bh6 Rd8 19. f4 Kf7 20. O-O-O Be6
21. Rxh4 Rh8 22. Rdh1 Ne7 23. Bg5 Rxh4 24. Rxh4 Kf8 25. Rh7 Bf7 26. e6 1-0

[Event "Jack Taylor mem."]
[Site "Victoria CAN"]
[Date "2019.10.26"]
[Round "3.2"]
[White "Sardari, Reza"]
[Black "Su, Ethan"]
[Result "1-0"]
[WhiteElo "1799"]
[BlackElo "1895"]
[PlyCount "157"]
[EventDate "2019.10.25"]
[EventType "swiss"]
[EventRounds "5"]
[EventCountry "CAN"]

1. e4 c5 2. Nf3 e6 3. c3 Nf6 4. e5 Nd5 5. Bc4 d6 6. O-O Nc6 7. d4 cxd4 8. Bxd5
exd5 9. exd6 Bxd6 10. Re1+ Be6 11. Ng5 O-O 12. Qd3 g6 13. Nxe6 fxe6 14. Rxe6
dxc3 15. g3 Bc5 16. Nxc3 Bxf2+ 17. Kg2 Bd4 18. Bf4 Bxc3 19. bxc3 d4 20. Qc4 Rf7
21. Rae1 dxc3 22. Rd6 Qf8 23. Rd7 Rd8 24. Bh6 Rdxd7 25. Bxf8 Kxf8 26. Qxc3 Rd4
27. Re6 Rfd7 28. Qc5+ Kf7 29. Re2 Rd2 30. Qc4+ R2d5 31. Qf4+ Kg7 32. Re8 Rf5
33. Qe3 Rdf7 34. Qc3+ Kh6 35. Re4 Rf2+ 36. Kh3 R2f5 37. Rh4+ Rh5 38. Qe3+ Kg7
39. Rxh5 gxh5 40. Qg5+ Kf8 41. Qxh5 a6 42. Qd5 Ke8 43. Kg2 Re7 44. h4 Kf8 45.
h5 Ne5 46. Kh3 Nf7 47. Kh4 h6 48. Qf5 Rc7 49. g4 Ke7 50. Qh7 Ke8 51. Qg8+ Ke7
52. Qb8 Rd7 53. a4 Ng5 54. Qe5+ Ne6 55. Qe3 Rd1 56. Qxh6 Rh1+ 57. Kg3 Rg1+ 58.
Kh3 Rh1+ 59. Kg2 Ra1 60. Qh7+ Kd6 61. Qd3+ Ke7 62. Qc4 Rb1 63. h6 b5 64. Qc2
Rb4 65. h7 Rxg4+ 66. Kh3 Rg1 67. Qe4 Kf6 68. h8=Q+ Rg7 69. Qxe6+ Kxe6 70. Qxg7
Kd5 71. axb5 axb5 72. Qc3 Kd6 73. Kg4 Kd5 74. Kf4 Kd6 75. Ke4 Kd7 76. Kd5 Kd8
77. Kd6 Ke8 78. Qg7 Kd8 79. Qf8# 1-0

[Event "Jack Taylor mem."]
[Site "Victoria CAN"]
[Date "2019.10.26"]
[Round "3.3"]
[White "Kaufman, Raymond"]
[Black "Tate, William"]
[Result "1-0"]
[WhiteElo "2370"]
[BlackElo "1696"]
[PlyCount "65"]
[EventDate "2019.10.25"]
[EventType "swiss"]
[EventRounds "5"]
[EventCountry "CAN"]

1. e4 e6 2. d4 d5 3. Nd2 Nf6 4. e5 Nfd7 5. Bd3 c5 6. c3 Nc6 7. Ne2 Qb6 8. Nf3
cxd4 9. cxd4 Be7 10. O-O O-O 11. a3 a5 12. Bc2 f5 13. Bg5 Qd8 14. h4 h6 15.
Bxe7 Qxe7 16. Nf4 Qe8 17. Kh2 Nb6 18. Rg1 Ne7 19. g4 fxg4 20. Rxg4 h5 21. Qd3
Nf5 22. Rg5 Bd7 23. Rag1 Rf7 24. Nxh5 Bb5 25. Nxg7 Bxd3 26. Nxe8+ Kf8 27. Bxd3
Rxe8 28. Bxf5 exf5 29. Rg6 Nc4 30. Ng5 Rfe7 31. Rf6+ Kg7 32. Nf7+ Kf8 33. Nd6+
1-0

[Event "Jack Taylor mem."]
[Site "Victoria CAN"]
[Date "2019.10.26"]
[Round "3.5"]
[White "Richardson, Ross"]
[Black "Patterson, Roger"]
[Result "1/2-1/2"]
[WhiteElo "1739"]
[BlackElo "2150"]
[PlyCount "41"]
[EventDate "2019.10.25"]
[EventType "swiss"]
[EventRounds "5"]
[EventCountry "CAN"]

1. d4 d5 2. Nf3 Nf6 3. c4 e6 4. cxd5 exd5 5. Bg5 c5 6. Nc3 Be6 7. e3 c4 8. Be2
Be7 9. O-O Nc6 10. b3 Qa5 11. Rc1 Ba3 12. Bxf6 Bxc1 13. Qxc1 gxf6 14. bxc4 dxc4
15. e4 Bg4 16. Nd5 Bxf3 17. Nxf6+ Ke7 18. Nd5+ Ke8 19. Nf6+ Ke7 20. Nd5+ Ke8
21. Nf6+ 1/2-1/2

[Event "Jack Taylor mem."]
[Site "Victoria CAN"]
[Date "2019.10.26"]
[Round "3.6"]
[White "Taylor, Ashton"]
[Black "Lehingrat, Callum"]
[Result "0-1"]
[WhiteElo "1806"]
[BlackElo "2002"]
[PlyCount "92"]
[EventDate "2019.10.25"]
[EventType "swiss"]
[EventRounds "5"]
[EventCountry "CAN"]

1. c4 c5 2. g3 Nc6 3. Bg2 g6 4. Nc3 Bg7 5. e4 d6 6. Nge2 e6 7. O-O Nge7 8. f4
a6 9. d3 Rb8 10. a4 O-O 11. Be3 Nd4 12. a5 Nec6 13. Bf2 Nxa5 14. Nxd4 cxd4 15.
Ne2 Nc6 16. Qd2 Qb6 17. Rfb1 a5 18. Ra4 Bd7 19. Rba1 Qc7 20. b4 axb4 21. Qb2 e5
22. Be1 b5 23. cxb5 Rxb5 24. f5 gxf5 25. exf5 Bxf5 26. Ra6 Rb6 27. Nc1 Rfb8 28.
Qc2 b3 29. Nxb3 Rxb3 30. Rxc6 Qe7 31. Rc7 Qe6 32. Raa7 Bxd3 33. Qa2 Bb1 34. Qa4
Bg6 35. Re7 Qf5 36. Re8+ Bf8 37. Ra8 Rb1 38. h4 Rxe1+ 39. Kh2 Rb2 40. Rxf8+ Kg7
41. Rg8+ Kh6 42. Qc4 Rxg2+ 43. Kxg2 Qe4+ 44. Kf2 Qe3+ 45. Kg2 Rg1+ 46. Kh3
Qxg3# 0-1

[Event "Jack Taylor mem."]
[Site "Victoria CAN"]
[Date "2019.10.26"]
[Round "3.9"]
[White "Ledezma Panades, Hernan Javier"]
[Black "Giroux, Frederic"]
[Result "1-0"]
[WhiteElo "1876"]
[BlackElo "1536"]
[PlyCount "85"]
[EventDate "2019.10.25"]
[EventType "swiss"]
[EventRounds "5"]
[EventCountry "CAN"]

1. e4 c5 2. Nf3 d6 3. Bb5+ Nc6 4. Bxc6+ bxc6 5. Qe2 e6 6. O-O Be7 7. d3 Nf6 8.
e5 Nd7 9. exd6 Bxd6 10. Nbd2 O-O 11. Nc4 Be7 12. Bf4 Nb6 13. Nce5 Bb7 14. Rfe1
Nd5 15. Bg3 Bd6 16. a4 a5 17. h4 Nf6 18. Ng5 Bxe5 19. Bxe5 h6 20. Nf3 Ba6 21.
b3 Nd5 22. h5 Bc8 23. Nd2 Qg5 24. Bd6 Rd8 25. Ne4 Nc3 26. Nxc3 Rxd6 27. Ne4 Qe7
28. Nxd6 Qxd6 29. Qe5 Qd5 30. Rad1 f6 31. Qc7 e5 32. c4 Qe6 33. f4 Qg4 34. Qxc6
Rb8 35. Qe8+ Kh7 36. Qg6+ Qxg6 37. hxg6+ Kxg6 38. fxe5 fxe5 39. Rxe5 Bf5 40.
Rxc5 Rxb3 41. d4 Rb4 42. d5 Rxa4 43. d6 1-0

[Event "Jack Taylor mem."]
[Site "Victoria CAN"]
[Date "2019.10.27"]
[Round "4.1"]
[White "Sardari, Reza"]
[Black "Huang, Patrick"]
[Result "1/2-1/2"]
[WhiteElo "1799"]
[BlackElo "2256"]
[PlyCount "161"]
[EventDate "2019.10.25"]
[EventType "swiss"]
[EventRounds "5"]
[EventCountry "CAN"]

1. e4 g6 2. d4 Bg7 3. g3 d6 4. Bg2 Nf6 5. Ne2 O-O 6. O-O e5 7. dxe5 dxe5 8.
Qxd8 Rxd8 9. Be3 Be6 10. f3 Nbd7 11. Nd2 Bf8 12. Nb3 a5 13. Rad1 a4 14. Nbc1
Nc5 15. Nc3 c6 16. Rxd8 Rxd8 17. Rd1 Rxd1+ 18. Nxd1 b5 19. a3 Nfd7 20. Bf1 Nb6
21. Nd3 Nxd3 22. Bxb6 Ne1 23. Ne3 Nxf3+ 24. Kg2 Nd4 25. Bd3 Be7 26. Kf2 Kf8 27.
c3 Nb3 28. Bc2 Nc5 29. c4 bxc4 30. Bxc5 Bxc5 31. Bxa4 Bd4 32. Bxc6 Bxb2 33. a4
Bd4 34. Ke2 Ke7 35. Bb5 c3 36. Kd3 Kd6 37. Nd1 Bg1 38. Nxc3 Bxh2 39. Ne2 Bg4
40. Ke3 Bxe2 41. Bxe2 Bxg3 42. a5 Kc7 43. Bc4 f6 44. Bd5 Be1 45. a6 Kb6 46. Bb7
h5 47. Kf3 g5 48. Bc8 Bc3 49. Kg3 Bd4 50. Kf3 Ka5 51. Bb7 Kb4 52. Bd5 Kb5 53.
Bb7 Kc4 54. Bd5+ Kd3 55. Bc6 Kd2 56. Be8 h4 57. Bd7 Ke1 58. Bh3 Ba7 59. Bg2 Kd2
60. Bh3 Kd3 61. Bf1+ Kd4 62. Bh3 Bb8 63. Bd7 Kc5 64. Kg4 Kb6 65. Bc8 Bd6 66.
Kh3 Bc7 67. Kg4 Bb8 68. Kh3 Kc7 69. Be6 Kd6 70. Bc8 Kc5 71. Kg2 Kb5 72. Kh3 Kc4
73. Kg2 Ba7 74. Bd7 Kd3 75. Kf3 Bd4 76. Bh3 Kd2 77. Bd7 Ke1 78. Bh3 Ba7 79. Bg2
Bb6 80. Bh3 Bd4 81. Bg2 1/2-1/2

[Event "Jack Taylor mem."]
[Site "Victoria CAN"]
[Date "2019.10.27"]
[Round "4.2"]
[White "Lehingrat, Callum"]
[Black "Kaufman, Raymond"]
[Result "0-1"]
[WhiteElo "2002"]
[BlackElo "2370"]
[PlyCount "110"]
[EventDate "2019.10.25"]
[EventType "swiss"]
[EventRounds "5"]
[EventCountry "CAN"]

1. Nf3 Nf6 2. d4 g6 3. b3 Bg7 4. Bb2 O-O 5. c4 d6 6. Nc3 c6 7. g3 Nbd7 8. Bg2
e5 9. e4 exd4 10. Nxd4 d5 11. cxd5 cxd5 12. exd5 Re8+ 13. Nde2 Ne5 14. O-O Bf5
15. Nd4 Bd3 16. Re1 Ba6 17. Ndb5 Nfg4 18. Qd2 Qb6 19. a4 Nxf2 20. a5 Nh3+ 21.
Kh1 Qf2 22. Re2 Ng4 23. Bxh3 Rxe2 24. Qxe2 Qxe2 25. Nxe2 Nf2+ 26. Kg2 Bxb2 27.
Ra2 Nd3 28. Nc7 Rd8 29. Nf4 Be5 30. Nxa6 Bxf4 31. gxf4 Nxf4+ 32. Kg3 Nh5+ 33.
Kf3 bxa6 34. Rd2 f5 35. d6 Nf6 36. Bf1 Ne4 37. Rd5 Kf7 38. Bxa6 Nxd6 39. b4 Ke6
40. Rc5 h6 41. Rc7 Rb8 42. Rxa7 Rxb4 43. Bd3 Rb3 44. Ke3 Kd5 45. Rh7 Nc4+ 46.
Ke2 Rb2+ 47. Ke1 Ne5 48. Be2 f4 49. Rxh6 f3 50. Bxf3+ Nxf3+ 51. Kf1 Nxh2+ 52.
Ke1 Nf3+ 53. Kd1 g5 54. a6 Ra2 55. Rf6 g4 0-1

[Event "Jack Taylor mem."]
[Site "Victoria CAN"]
[Date "2019.10.27"]
[Round "4.3"]
[White "James, Rowan"]
[Black "Sauve, Ronald"]
[Result "1-0"]
[WhiteElo "1957"]
[BlackElo "1829"]
[PlyCount "65"]
[EventDate "2019.10.25"]
[EventType "swiss"]
[EventRounds "5"]
[EventCountry "CAN"]

1. e4 c5 2. Nf3 Nc6 3. d3 g6 4. g3 Bg7 5. Bg2 d6 6. O-O Nf6 7. Nc3 O-O 8. Re1
Qc7 9. Bg5 e6 10. Qd2 Rb8 11. Bh6 b5 12. Bxg7 Kxg7 13. Ne2 e5 14. c3 h6 15.
Rac1 Be6 16. b3 Qd7 17. c4 b4 18. Nh4 g5 19. Nf3 Nh7 20. h4 Qe7 21. hxg5 hxg5
22. Nh2 Qd7 23. f4 gxf4 24. gxf4 Bh3 25. f5 Bxg2 26. Kxg2 f6 27. Rh1 Rg8 28.
Nf3 Kf7+ 29. Kf2 Rg7 30. Qh6 Rbg8 31. Rcg1 Ke8 32. Qxh7 Rxh7 33. Rxg8+ 1-0